00836nam a22002657a 4500003000500000005001700005008004100022010001000063011001000073020002400083035001100107040000900118082001900127100001800146245008500164260002800249300001600277500005400293534004900347650002800396650002600424700002000450700002000470710008000490CHAP20220329143537.0100429s2009 fr r 00010 spa d a98286 a99258 a9789264074019 (v.1) a109943 cCHAP04a303.3437bOc191 aPont, Beatriz10aMejorar el liderazgo escolarc/por Beatriz Pont, Deborah Nusche y Hunter Moorman aParís :bOCDE,cc2009 av. :bilus. aLa biblioteca tiene : v.1 Política y práctica pTit. original :tImproving school leadership14aEducaciónxLiderazgo.14aPolítica educativa.1 aMoorman, Hunter1 aNusche, Deborah0 aOrganización para la Cooperación y el Desarrollo Económicos. París.